00867 2200313 4500001002100000005001500021035002000036007000300056040001600059100003000075245007600105300004200181020002300223041000800246082001100254084001700265090002000282264003800302336002100340337003000361338002300391650002100414850001000435008004100445250001300486504002400499990001500523990001500538INLIS00000000000454620260525111322 a0010-0122000178ta aSPBUPDbind0 aEdi HardiyantoePengarang1 aBerpikir Kreatif :bPenghayatan dan Latihan Menggugah Motivasi Kreatif aiv, 54 hal. :billus. ;c17,5 x 21 cm a978-602-8136-238-40 aind a155.25 a155.25 HID b a153.8 OGD b 2-1 a.--Bandung :bMitra Sarana,c2012 2rdacontentaTeks 2rdamediaaTanpa Perantara 2rdacarrieravolume 4aMotivasi Kreatif aPUPAD260525 0  a.-Cet. 1 abibliografi, hlm 53 a644/B/2013 a645/B/2013